000
00331nam a2200133Ia 4500
008
191201s1978 xx 000 0 und d
082
_a
621.01
_b
KHT
100
_a
KHURMI, R.S
245
0
_a
Textbook of Thermal Engineering
260
_a
N.Delhi
_b
S Chand and Co. Ltd.
_c
1978
300
_a
895
650
_a
B.Tech(ME)
942
_2
ddc
_c
BK
999
_c
757
_d
757